UFC: Qui à gagner ce combat ? - Statistiques

Statistiques générales
  • Ce quiz a été pris 1 656 fois
  • Le résultat moyen est 6 sur 12
Statistiques - réponses
Indice Réponse % Correct
Gane vs Ngannou Francis Ngannou
94%
Oliveira vs Makhachev Islam Makhachev
92%
Mcgregor vs Khabib Khabib Nurmagomedov
76%
Poirier vs Chandler Dustin poirier
75%
Chimaev vs Burns Khamzat Chimaev
75%
Jon Jones vs Matt Hamill Matt Hamill
51%
Silva vs Hall Uriah hall
46%
Barboza vs Lee Kevin lee
41%
Robert Whittacker vs Yoel romero Robert Whittacker
35%
Peter yan vs Sean O'malley Sean O'malley
8%
Mcgregor vs Diaz 2 Connor Mcgegor
2%
Georges Saint-Pierre vs Micheal Bisping Georges Saint-Pierres
0%
Aucun quiz correspondant
Distribution des résultats
% des personnes avec chaque résultat
Percentile par nombre de réponses
Votre historique - résultats
Vous n’avez pas pris ce quiz